NBA All Star Game 2010's - Statistics

General Stats
  • This quiz has been taken 1,345 times
    1,199 since last reset
  • The average score is 51 of 79
Answer Stats
Answer % Correct
10 LeBron James
99%
10 Kevin Durant
96%
6 Stephen Curry
96%
7 Kobe Bryant
95%
7 James Harden
92%
8 Russell Westbrook
91%
8 Dwyane Wade
90%
7 Chris Paul
89%
5 Klay Thompson
89%
3 Draymond Green
87%
3 Kawhi Leonard
87%
4 Tim Duncan
87%
6 Dirk Nowitzki
84%
6 Kyrie Irving
84%
6 Anthony Davis
82%
3 Giannis Antetokounmpo
82%
3 Kevin Garnett
82%
8 Carmelo Anthony
81%
7 Chris Bosh
81%
3 Tony Parker
81%
6 Blake Griffin
79%
3 Marc Gasol
79%
4 Pau Gasol
79%
6 Paul George
79%
4 Damian Lillard
78%
5 Dwight Howard
78%
3 Paul Pierce
78%
3 Derrick Rose
77%
1 Nikola Jokić
75%
1 DeAndre Jordan
74%
4 DeMar DeRozan
74%
1 Manu Ginobili
74%
2 Joel Embiid
73%
5 Kevin Love
73%
5 Kyle Lowry
73%
1 Ray Allen
73%
4 Jimmy Butler
72%
2 Steve Nash
71%
5 John Wall
69%
4 DeMarcus Cousins
67%
2 Karl-Anthony Towns
66%
7 LaMarcus Aldridge
66%
4 Rajon Rondo
66%
5 Al Horford
65%
2 Bradley Beal
65%
1 Jason Kidd
65%
3 Kemba Walker
62%
3 Deron Williams
61%
2 Joakim Noah
61%
1 Ben Simmons
59%
1 Khris Middleton
57%
4 Paul Millsap
56%
1 Kyle Korver
55%
2 Isaiah Thomas
54%
2 Amar'e Stoudemire
53%
1 Jrue Holiday
53%
1 Andre Iguodala
52%
1 Jeff Teague
51%
1 Allen Iverson
49%
2 Andre Drummond
48%
4 Joe Johnson
48%
1 Nikola Vučević
47%
1 Brook Lopez
46%
2 Victor Oladipo
45%
2 Zach Randolph
43%
1 Gordon Hayward
41%
1 Kristaps Porzingis
40%
1 D'Angelo Russell
39%
1 Tyson Chandler
36%
1 Goran Dragic
35%
2 Luol Deng
32%
2 Roy Hibbert
32%
1 Yao Ming
31%
1 Andrew Bynum
30%
1 Gerald Wallace
28%
1 Chauncey Billups
27%
1 Brandon Roy
26%
2 David Lee
26%
1 Chris Kaman
10%
No matching quizzes found
Score Distribution
Percent of People with Each Score
Percentile by Number Answered
Your Score History
You have not taken this quiz since the last reset